Historia de dos continentes (siglos XIV-XIX) / (Registro nro. 901)
[ vista simple ]
| 000 -CABECERA | |
|---|---|
| fixed length control field | 00949nam a22002897a 4500 |
| 003 - CONTROL NUMBER IDENTIFIER | |
| control field | AR-BeUNQ |
| 005 - FECHA Y HORA DE LA ULTIMA TRANSACCION | |
| control field | 20230925195823.0 |
| 008 - ELEMENTOS DE LONGITUD FIJA-INFORMACION GENERAL | |
| fixed length control field | 230925s2015 ag aob|| |||| 00| 0 spa d |
| 020 ## - NUMERO INTERNACIONAL NORMALIZADO PARA LIBROS | |
| Número Internacional Normalizado del libro | 9789873503054 |
| 040 ## - FUENTE DE CATALOGACION | |
| Agencia de catalogación original | AR-BeUNQ |
| Agencia que realiza la transcripción | AR-BeUNQ |
| Convenciones de la descripción | aacr |
| 082 ## - NUMERO DE CLASIFICACION DECIMAL DEWEYMBER | |
| Número de clasificación | 909 |
| Número de la edición | 21 |
| 245 00 - MENCION DE TITULO | |
| Título | Historia de dos continentes (siglos XIV-XIX) / |
| Mención de responsabilidad, etc | Carlos Mora (coord.) ; Gastón Ballesteros ... [et al.] |
| 250 ## - MENCION DE EDICION | |
| Mención de edición | 1a ed. |
| 260 ## - PUBLICACION, DISTRIBUCION, ETC. | |
| Lugar de publicación, distribución, etc. | Buenos Aires : |
| Nombre del editor, distribuidor, etc. | A-Z ; |
| Fecha de publicación, distribución, etc | 2015. |
| 300 ## - DESCRIPCION FISICA | |
| Extensión | 336 p. : |
| Otros detalles físicos | il. col., fotografías, gráficos, mapas ; |
| Dimensiones | 27 cm. |
| 490 ## - MENCION DE SERIE | |
| Mención de serie | Serie Plata (A-Z) |
| 504 ## - NOTA DE BIBLIOGRAFIA, ETC. | |
| Nota de bibliografía, etc. | Bibliografía: p. 333-336 |
| 521 ## - NOTA DE AUDIENCIA | |
| Nota de audiencia | Para educación secundaria. |
| 650 #7 - ASIENTO SECUNDARIO DE MATERIA - TERMINO TEMATICO | |
| Término temático o nombre geográfico como elemento de entrada | Historia moderna |
| Fuente del encabezamiento o términ | spines |
| 651 ## - ASIENTO SECUNDARIO DE MATERIA - NOMBRE GEOGRAFICO | |
| Nombre geográfico | América |
| Fuente del encabezamiento o término | spines |
| 651 ## - ASIENTO SECUNDARIO DE MATERIA - NOMBRE GEOGRAFICO | |
| Nombre geográfico | Europa |
| Fuente del encabezamiento o término | spines |
| 700 1# - ASIENTO SECUNDARIO - NOMBRE DE PERSONA | |
| Personal name | Mora, Carlos |
| Relator term | coordinador |
| 700 1# - ASIENTO SECUNDARIO - NOMBRE DE PERSONA | |
| Personal name | Ballesteros, Gastón |
| Relator term | aut. |
| 830 ## - ASIENTO SECUNDARIO DE SERIE--TITULO UNIFORME | |
| Designación numérica/secuencial del volumen | Serie Plata (A-Z) |
| 929 ## - DATOS DE ADQUISICION | |
| Procedencia | DONACION |
| Proveedor | Gladys Alarcón |
| Fecha de recibido | 2018 |
| Patrimonio UNQ | PAT0080449 |
| Es copia | 1 |
| Número de inventario | 60663 |
| 942 ## - ELEMENTOS DE PUNTO DE ACCESO ADICIONAL (KOHA) | |
| Tipo de ítem Koha | Libros |
| Estado de retiro | Estado de pérdida | Ubicación permanente | Ubicación actual | Ubicación en estantería | Fecha de ingreso | Total Checkouts | Signatura topográfica completa | Inventario | Date last seen | Número de copia | Tipo de ítem Koha | Operador |
|---|---|---|---|---|---|---|---|---|---|---|---|---|
| Biblioteca ESET - UNQ | Biblioteca ESET - UNQ | CIRCULACION | 25/09/2023 | 909 HIS | 60663 | 25/09/2023 | 1 | Libros | GS |